000 00448nam a2200193Ia 4500
008 101110s9999 xx 000 0 und d
041 _aMARATHI
082 _bSR683
_a891.462 009
100 _aDesai V.S.
245 _aNat Natak Ani Natakkar
365 _b5
520 _aMarathi
546 _aMARATHI
630 _aNat Natak Ani Natakkar
650 _aMarathi
655 _aMarathi
730 _aNat Natak Ani Natakkar
942 _cBOOK
999 _c797896
_d797893